00611nam a22001817a 450000500170000001000130001702000260003003500130005603700130006908200080008210000280009024501240011826000340024227000620027630000510033850000190038970000210040820230228121240.0 aB-182255 a9788178241005c350.00 aB-182255 aBPPD/PUB a635 aLancaster, Sydney Percy aThe Sahib's manual for the Mali :bEveryday gardening in India:cby Sydney Percy- Lancaster, edited by Laeeq futehally/ aDelhibPermanent Black c2005 aD-28 Oxford Apartment , 11 I.P Extension bDelhi e110092 aix, pages -227bill(Black and white)c27cm(Hb) aIncluded index a Futehally,Laeeq